Ghulam Jabbar`s Renunciation, a Tale of Eastern Bengal (Record no. 382)

MARC details
000 -LEADER
fixed length control field 00622nam a2200241 a 4500
020 ## - INTERNATIONAL STANDARD BOOK NUMBER
ISBN
082 00 - DEWEY DECIMAL CLASSIFICATION NUMBER
Classification number 248.24
Author Cutter GOL
100 ## - MAIN ENTRY--AUTHOR NAME
Author name Goldsack, William
245 ## - TITLE STATEMENT
Title Ghulam Jabbar`s Renunciation, a Tale of Eastern Bengal
260 ## - PUBLICATION, DISTRIBUTION, ETC. (IMPRINT)
Place of publication London & Madras
Name of publisher Christian Lit. Society
Year of publication 1913
300 ## - PHYSICAL DESCRIPTION
Number of Pages 137p
500 ## - GENERAL NOTE
General note includes index and biblioraphy
505 2# - FORMATTED CONTENTS NOTE
Formatted contents note Index
650 ## - SUBJECT ADDED ENTRY--TOPICAL TERM
Topical Term Conversion-Christianity
942 ## - ADDED ENTRY ELEMENTS (KOHA)
Koha item type Books
700 1# -
-- Goldsack, William
Holdings
Home library Current library Date acquired Cost, normal purchase price Full call number Accession Number Koha item type
Henry Martyn Institute Library Henry Martyn Institute Library   0.00 248.24 GOL 1323 Archive Book
Henry Martyn Institute Library Henry Martyn Institute Library   0.00 248.24 GOL 1353 Archive Book
Henry Martyn Institute Library Henry Martyn Institute Library   0.00 248.24 GOL 2041 Archive Book
                   Copyright © 2026 | Henry Martyn Institute | Hyderabad | TS-500052 | INDIA | Implemented by hmi.edu.in
Hit-Count:

Powered by Koha